Domácnosti objavujú rastlinné alternatívy

Prakticky neprejde týždeň, aby sa neobjavila na trhu nejaká novinka v segmente rastlinných alternatív. Ako sme na tom v maloobchode na Slovensku? Darí sa výrobkom, ktoré nepochádzajú od hospodárskych zvierat, ale sú čisto rastlinného pôvodu?

Uložené v:
Podrobná bibliografia
Médium: Kapitola
Jazyk:Slovak
Predmet:
Tagy: Pridať tag
Žiadne tagy, Buďte prvý, kto otaguje tento záznam!

MARC

LEADER 00000naa a2200000 4500
001 0296754
005 20240417075250.4
041 0 |a slo 
044 |a SK 
245 1 0 |a Domácnosti objavujú rastlinné alternatívy 
520 |a Prakticky neprejde týždeň, aby sa neobjavila na trhu nejaká novinka v segmente rastlinných alternatív. Ako sme na tom v maloobchode na Slovensku? Darí sa výrobkom, ktoré nepochádzajú od hospodárskych zvierat, ale sú čisto rastlinného pôvodu? 
610 2 0 |a výrobky rastlinné 
610 2 0 |a segmentácia trhu 
610 2 0 |a domácnosti 
610 2 0 |a dopyt spotrebiteľský 
610 2 0 |a štýl životný